000 00324nam a22001337a 4500
008 170804b xxu||||| |||| 00| 0 eng d
020 _a9780137436422
041 _aeng
080 _24TH
_a004
100 _a33
101 _aSHK
245 _aAPPLIED STATISTICS AND THE SAS PROGRAMMING LANGUAGE
_cCODY,R.P
942 _2udc
_cBK
999 _c22672
_d22672